000 00386nam a22001337a 4500
003 SGT
020 _a9788123025360
082 _a891.4309
_bB17P
100 _aप्रभाकर, विष्णु
245 _aभवभूति के नाटक
260 _b सस्ता साहित्य मंडल प्रकाशन
_c2017
300 _a53
942 _2ddc
_cBK
999 _c31427
_d31427